Normal view
MARC view
- مقالات عربية-مصر
Entry Topical Term
001 - CONTROL NUMBER
- control field: 15923
003 - CONTROL NUMBER IDENTIFIER
- control field: JO-AjAnu
005 - DATE AND TIME OF LATEST TRANSACTION
- control field: 20230606072835.0
008 - FIXED-LENGTH DATA ELEMENTS
- fixed length control field: 230606|| aca||aabn | a|a d
040 ## - CATALOGING SOURCE
- Original cataloging agency: JO-AjAnu
- Transcribing agency: JO-AjAnu
150 ## - HEADING--TOPICAL TERM
- Topical term or geographic name entry element: مقالات عربية-مصر
670 ## - SOURCE DATA FOUND
- Source citation: Work cat.: (JO-AjAnu)8175: تاليف الهنداوي، خليل ،م. مشارك الدقاق، عمر, author 15922, المقتبس من فيض الخاطر لاحمد امين: دراسة ومختارات